书目信息 |
| 题名: |
买卖合同
|
|
| 作者: | 来奇 主编 ;关键 编写 | |
| 分册: | ||
| 出版信息: | 北京 中国民主法制出版社 2003.08 |
|
| 页数: | 399页 | |
| 开本: | 21cm | |
| 丛书名: | 中国合同法实务操作丛书 | |
| 单 册: | ||
| 中图分类: | D923.6 | |
| 科图分类: | ||
| 主题词: | 买卖合同--合同法--基本知识--中国 | |
| 电子资源: | ||
| ISBN: | 7-80078-728-1 | |
| 000 | 00879nam2 2200253 450 | |
| 001 | 010236995801 | |
| 005 | 20050906170222.38 | |
| 010 | @a7-80078-728-1@dCNY24.00 | |
| 100 | @a20050606d2003 km y0chiy0120 ea | |
| 101 | 0 | @achi |
| 102 | @aCN@b110000 | |
| 105 | @ay z 000yy | |
| 200 | 1 | @a买卖合同@Amai mai he tong@f来奇主编@Flai qi zhu bian@g关键 … [等] 编写@Gguan jian…[deng]bian xie |
| 210 | @a北京@c中国民主法制出版社@d2003.08 | |
| 215 | @a399页@d21cm | |
| 225 | 2 | @a中国合同法实务操作丛书 |
| 330 | @a本书以实用和操作为目的,全面系统地讲述了买卖合同的概念、买卖合同的订立、内容和效力、买卖合同的变更、转让和解除等。 | |
| 410 | 0 | @12001 @a中国合同法实务操作丛书 |
| 606 | 0 | @a买卖合同@x合同法@x基本知识@y中国 |
| 690 | @aD923.6@v4 | |
| 701 | 0 | @a来奇@Alai qi@4主编 |
| 702 | 0 | @a关键@Aguan jian@4编写 |
| 801 | 0 | @aCN@bQSSK@c20050906 |
| 905 | @a10447@dD923.6@eL025 | |
| 买卖合同/来奇主编/关键 … [等] 编写.-北京:中国民主法制出版社,2003.08 |
| 399页;21cm.-(中国合同法实务操作丛书) |
| ISBN 7-80078-728-1:CNY24.00 |
| 本书以实用和操作为目的,全面系统地讲述了买卖合同的概念、买卖合同的订立、内容和效力、买卖合同的变更、转让和解除等。 |
| ● |
| 相关链接 |
|
|
|
正题名:买卖合同
索取号:D923.6/L025
 
预约/预借
| 序号 | 登录号 | 条形码 | 馆藏地/架位号 | 状态 | 备注 |
| 1 | 560393 | 205603934 | 社科库509/509社科库 92排8列6层/ [索取号:D923.6/L025] | 在馆 | |
| 2 | 560394 | 205603943 | 社科库509/509社科库 92排8列6层/ [索取号:D923.6/L025] | 在馆 | |
| 3 | 560395 | 205603952 | 社科库509/509社科库 92排8列6层/ [索取号:D923.6/L025] | 在馆 |